000 00512nam a2200193Ia 4500
003 GCL
008 140319s9999 xx 000 0 eng d
040 _aGCL /
_cGCL
082 0 4 _a823
_bG B
100 1 _aGIBSON, WILLIAM
245 1 0 _aBURNING CHROME AND OTHER STORIES /
_cGIBSON, WILLIAM
260 _a[S.N] :
_bHARPER COLLINS COLLEGE PUBLISBERS ،
_c1995
300 _a220 P
650 0 4 _aENGLISH LITERATURE
650 0 4 _aLITERATURE
650 0 4 _aENGLISH FICTION
650 0 4 _aFICTION
942 _2ddc
_cBK
999 _c12997
_d12997